| 000 | 01787nam a2200505Ii 4500 | ||
|---|---|---|---|
| 999 |
_c186 _d186 |
||
| 001 | 870663515 | ||
| 003 | OCoLC | ||
| 005 | 20190731095216.0 | ||
| 008 | 140217t20142008mau 000 0 eng d | ||
| 020 | _a9780763676186 (paperback) | ||
| 020 | _a0763676187 (paperback) | ||
| 035 | _a(OCoLC)870663515 | ||
| 040 |
_aYDXCP _beng _erda _cYDXCP _dNYP |
||
| 049 | _aNYPP | ||
| 082 | _aFIC NES | ||
| 091 | _aFIC | ||
| 100 | 1 |
_aNess, Patrick, _d1971- _eauthor. |
|
| 245 | 1 | 4 |
_aThe knife of never letting go / _cPatrick Ness. |
| 250 | _aSecond U.S. paperback edition. | ||
| 264 | 1 |
_aSomerville, Massachusetts : _bCandlewick Press, _c2014. |
|
| 264 | 4 | _c℗♭2008. | |
| 300 |
_a512 pages ; _c22 cm. |
||
| 336 |
_atext _2rdacontent. |
||
| 337 |
_aunmediated _2rdamedia. |
||
| 338 |
_avolume _2rdacarrier. |
||
| 490 | 1 |
_aChaos walking ; _vbk. 1. |
|
| 520 | _aPursued by power-hungry Prentiss and mad minister Aaron, young Todd and Viola set out across New World searching for answers about his colony's true past and seeking a way to warn the ship bringing hopeful settlers from Old World. | ||
| 650 | 0 |
_aSocial problems _vJuvenile fiction. |
|
| 650 | 0 |
_aDogs _vJuvenile fiction. |
|
| 650 | 0 |
_aHuman-animal communication _vJuvenile fiction. |
|
| 650 | 0 |
_aHuman-animal relationships _vJuvenile fiction. |
|
| 650 | 0 |
_aSpace colonies _vJuvenile fiction. |
|
| 650 | 0 |
_aTelepathy _vJuvenile fiction. |
|
| 650 | 1 |
_aSocial problems _vFiction. |
|
| 650 | 1 |
_aTelepathy _vFiction. |
|
| 650 | 1 |
_aHuman-animal communication _vFiction. |
|
| 650 | 1 |
_aSpace colonies _vFiction. |
|
| 655 | 7 |
_aScience fiction. _2lcgft. |
|
| 800 | 1 |
_aNess, Patrick, _d1971- _tChaos walking ; _vbk. 1. |
|
| 901 |
_alis _bCATBL |
||
| 901 | _aMARS | ||
| 942 |
_2ddc _cFIC |
||
| 945 | _a.b202214928 | ||
| 946 | _am | ||